Представление документа в формате RUSMARC

ПолеНазваниеЗначение
  Тип записи a
  Библиографический уровень m
001 Контрольный номер SKBR/a2407554-cb4f-4cea-b26b-c92b65fd470d
005 Дата корректировки 20251219145743.7
010 Индекс ISBN __
a ISBN 978-5-17-160136-2
b Уточнения в пер.
9 Тираж 2000 экз.
d Цена 959-09
035 Другие системные номера __
a Идентификатор записи RU/Тюменская ОНБ/EKC/28/Р 93-090356560
100 Данные общей обработки __
a Данные общей обработки 20241002d2024 m y0rusy028902 ca
101 Язык документа 0_
a Язык текста rus
102 Страна публикации __
a Страна публикации RU
105 Кодированные данные (монография) __
a Кодированные данные (монография) ac z 001yy
181 Поле кодированных данных: вид содержания _0
a Код вида содержания (ISBD) i
182 Поле кодированных данных: тип средства _0
a Код типа средства (ISBD) n
200 Заглавие и сведения об ответственности 1_
a Заглавие Змеи. Мистические животные и чем они отличаются от остальных
f Первые сведения об ответственности Евгений Рыбалтовский
203 Вид содержания и тип средства __
a Вид содержания Текст
c Тип средства непосредственный
210 Выходные данные 1_
a Место издания Москва
c Издательство АСТ
d Дата издания 2024
215 Физическое описание __
a Объем 196, [2] с.
c Иллюстрации/тип воспроизводства ил.
d Формат 24 см
225 Серия 2_
a Серия История и наука Рунета
i Наименование части Подарочное издание
320 Библиография __
a Библиография Алфавитный указатель: с. [189-197]
330 Аннотация __
a Аннотация Люди думают, что делятся на множество категорий. На самом деле люди делятся всего на два типа - на тех, кто при слове змея испытывает ужас, отвращение, омерзение и страх, и на тех, кто, увидев змею, восторгается и получает настоящее удовольствие от созерцания этого прекрасного существа. Нейтральных не существует. Евгений Рыбалтовский - зоолог, террариумист, специалист по экзотическим животным, педагог высшей категории. Многие десятилетия Евгений работал с этими загадочными тварями и изучил все особенности поведения рептилий. Он знает все о повадках, условиях их жизни, странной и не всегда понятной нам физиологии, делавших змей во все века такими таинственными, непонятными и пугающими для большинства людей существами.
517 Другие варианты заглавия 1_
a Другие варианты заглавия Мистические животные и чем они отличаются от остальных
606 Тематические рубрики __
a Основная рубрика Биология
2 Код системы nlr_sh
606 Тематические рубрики __
2 Код системы nlr_sh
a Основная рубрика Систематика позвоночных
610 Ключевые слова 0_
a Ключевые слова пресмыкающиеся
610 Ключевые слова 0_
a Ключевые слова земноводные
610 Ключевые слова 0_
a Ключевые слова змеи
610 Ключевые слова 0_
a Ключевые слова рептилии
610 Ключевые слова 0_
a Ключевые слова интересные факты
610 Ключевые слова 0_
a Ключевые слова зоология
610 Ключевые слова 0_
a Ключевые слова живая природа
610 Ключевые слова 0_
a Ключевые слова занимательная биология
610 Ключевые слова 0_
a Ключевые слова размножение змей
610 Ключевые слова 0_
a Ключевые слова разновидности змей
610 Ключевые слова 0_
a Ключевые слова образ жизни змей
686 Индексы других классификаций __
2 Код системы rubbks
a Классификационный индекс 28.693.34
700 Автор _1
a Фамилия Рыбалтовский
b Имя Е. М.
g Полное личное имя Евгений Михайлович
4 Код отношения 070
f Даты 1966-
801 Источник записи _2
b Организация Тюменская ОНБ
a Страна RU
c Дата составления 20250403
g Правила каталогизации PSBO
801 Источник записи _1
b Организация Тюменская ОНБ
a Страна RU
c Дата составления 20250409
g Правила каталогизации PSBO
852 Данные о местонахождении __
i Авторский знак Р 93
j Шифр хранения 28.693.34
900 Макрообъекты __
a Макрообъекты Змеи. Рыбалтовский, Е., 2024
901 Тип документа __
a Ответственный ООФиК/Волкова
t Тип документа m
901 Тип документа __
a Ответственный 1 партия
903 Характеристики (МАРС) __
a Дата передачи 20251202
c Наименование библиотеки (МАРС) Муниципальное бюджетное учреждение культуры "Централизованная библиотечная система" г. Сургут (Центральная городская библиотека им. А. С. Пушкина)
969 Тип издания __
a Тип издания научно-популярное издание
990 Данные о заказе (DOS) __
j Количество экземпляров (DOS) 1
t N записи в КСУ для И/У (DOS) 202601